000 00224nam a22000857a 4500
008 160915b xxu||||| |||| 00| 0 eng d
100 _9504
_aKumar.H.etal
245 _aMega Computer-II
260 _aNew Delhi
_bP.P. Publications
_c2007
999 _c3161
_d3161